| 000 | 01123nam a2200253 i 4500 | ||
|---|---|---|---|
| 001 | 158587 | ||
| 003 | ES-MaACL | ||
| 005 | 20250725093849.0 | ||
| 008 | 040902s1862 sp |||| | spa d | ||
| 080 | _a329.21(460) | ||
| 080 | _a329.3(460)"18":282 | ||
| 080 | _a32(460)"1843/68" | ||
| 100 | 1 |
_aMalo y Jordana, Nicolás. _9129392 |
|
| 245 | 1 | 0 |
_aPalabras de un monárquico : _bescritas con motivo de la reciente actitud de la prensa religiosa, dirigidas a la Reina, a la nación, al Gobierno y a los partidos / _cpor Nicolás Malo y Jordana. |
| 260 |
_aMadrid : _b[s.n.], _c1862 ( _fEstab. tip. de Gregorio Estrada) |
||
| 300 |
_a56 p. ; _c21 cm. |
||
| 530 | _aDisponible en formato digital. | ||
| 650 | 4 |
_aMonarquismo- _zEspaña. _9161105 |
|
| 650 | 4 |
_aCatólicos- _xActividad política- _zEspaña- _yS.XIX. _9170107 |
|
| 651 | 7 |
_aEspaña- _xPolítica y gobierno- _y1843-1868 _2 _9168642 |
|
| 852 | 4 |
_aES-MaACL _jT-72-F-1 _z- Enc. hol., falto de cub. original _z- Enc. en un vol. facticio |
|
| 856 | 4 |
_uhttp://bdh-rd.bne.es/viewer.vm?id=0000067250&page=1 _zBiblioteca Digital Hispánica |
|
| 999 |
_c158587 _d158587 |
||